Statistics for Words Pertaining to Things #2

Click here to take the quiz!

General Stats

  • This quiz has been taken 34,501 times
  • The average score is 14 of 21

Answer Stats

WordPertains to …% Correct
DentalTeeth
99%
FloralFlowers
98%
AquaticWater
98%
LunarMoon
97%
UrbanCities
95%
MentalMind
95%
BovineCattle
93%
SonicSound
84%
TerrestrialEarth
83%
AstralStars
76%
NauticalShips
72%
PectoralChest
66%
PenalPunishment
65%
UrsineBears
62%
ClericalClergy
55%
DiurnalDaytime
51%
ConjugalMarriage
38%
LachrymalTears
33%
AustralSouth
29%
PecuniaryMoney
27%
DiluvianFlood
19%

Score Distribution

Percentile by Number Answered

Percent of People with Each Score

Your Score History

You have not taken this quiz